header

Professional NoSQL (Record no. 129959)

MARC details
000 -LEADER
fixed length control field 01321nam a2200325 a 4500
100 1# - MAIN ENTRY--AUTHOR NAME
Personal name Tiwari, Shashank.
245 10 - TITLE STATEMENT
Title Professional NoSQL
260 ## - PUBLICATION, DISTRIBUTION, ETC. (IMPRINT)
Place of publication Indianapolis, Ind. :
Name of publisher John Wiley & Sons, Inc.,
Year of publication 2011.
300 ## - PHYSICAL DESCRIPTION
Number of Pages xxi, 361 p. :
Other physical details ill. (some col.), port.
490 0# - SERIES STATEMENT
Series statement Wrox programmer to programmer
500 ## - GENERAL NOTE
General note Includes index.
505 0# - FORMATTED CONTENTS NOTE
Formatted contents note pt. 1. Getting started -- pt. 2. Learning the NoSQL basics -- pt. 3. Gaining proficiency with NoSQL -- pt. 4. Mastering NoSQL.
650 #0 - SUBJECT ADDED ENTRY--TOPICAL TERM
Topical Term Electronic data processing.
Topical Term Database management.
856 40 - ELECTRONIC LOCATION AND ACCESS
Uniform Resource Identifier http://site.ebrary.com/lib/rucke/Doc?id=10494715

No items available.

© 2026 Rongo University
Contact us: librarian | system librarian | Rongo university